Born in Medellín - Statistics

General Stats
  • This quiz has been taken 41 times
    23 since last reset
  • The average score is 8 of 12
Answer Stats
Hint Answer % Correct
President of Colombia from 2002 to 2010 1952 Álvaro Uribe
95%
Footballer who played for Atlético Nacional, Young Boys Bern and the Colombian national team, he was murdered in the aftermath of the 1994 World Cup 1967 Andres Escobar
90%
Singer, "Mamiii" "Tusa" "Ahora Me Llama" "Secreto" 1991 Karol G
90%
Singer, referred to as "Prince of Reggaeton", "Mi Gente" "I Like It" 1985 J Balvin
86%
Cyclist, two-time Olympic gold medalist and BMX world champion 1991 Mariana Pajón
86%
Former goalkeeper who played for the Colombian national team and was nicknamed "El Loco" 1966 René Higuita
81%
Singer, "Chantaje" "Borro Cassette" "Medellín" 1994 Maluma
76%
Singer, "Robarte Un Beso" "Runaway" "Tracionera" 1994 Sebastián Yatra
62%
Singer, "Luna" 1992 Feid
57%
Footballer who played for Atlético Madrid, PSV and the Colombian national team 1992 Santiago Arias
52%
Footballer who plays for Atlético Nacional and is the captain of the Colombian women's national team 1990 Daniela Montoya
19%
BMX rider and two times bronze medalist at the Olympics 1994 Carlos Ramírez
14%
No matching quizzes found
Score Distribution
Percent of People with Each Score
Percentile by Number Answered
Your Score History
You have not taken this quiz since the last reset